<?xml version="1.0" encoding="UTF-8"?>
<record
    xmlns:xsi="http://www.w3.org/2001/XMLSchema-instance"
    xsi:schemaLocation="http://www.loc.gov/MARC21/slim http://www.loc.gov/standards/marcxml/schema/MARC21slim.xsd"
    xmlns="http://www.loc.gov/MARC21/slim">

  <leader>01923nam a22002897a 4500</leader>
  <controlfield tag="003">OSt</controlfield>
  <controlfield tag="005">20240923114127.0</controlfield>
  <controlfield tag="008">240923s2014    mx ado|f |||| 001 0 spa d</controlfield>
  <datafield tag="040" ind1=" " ind2=" ">
    <subfield code="a">CHAP</subfield>
    <subfield code="c">CHAP</subfield>
    <subfield code="e">rda</subfield>
  </datafield>
  <datafield tag="082" ind1="0" ind2="0">
    <subfield code="2">22</subfield>
    <subfield code="a">634.65393</subfield>
    <subfield code="b">O16</subfield>
  </datafield>
  <datafield tag="100" ind1="1" ind2=" ">
    <subfield code="a">Ochoa Ascencio, Salvador</subfield>
    <subfield code="9">189625</subfield>
  </datafield>
  <datafield tag="245" ind1="1" ind2="0">
    <subfield code="a">Enfermedades y desordenes fisiol&#xF3;gicos m&#xE1;s comunes del fruto de aguacate en poscosecha: </subfield>
    <subfield code="b">gu&#xED;a ilustrada para t&#xE9;cnicos y empacadores /</subfield>
    <subfield code="c">por Salvador Ochoa Ascencio</subfield>
  </datafield>
  <datafield tag="250" ind1=" " ind2=" ">
    <subfield code="a">Primera edici&#xF3;n</subfield>
  </datafield>
  <datafield tag="264" ind1=" " ind2=" ">
    <subfield code="a">M&#xE9;xico:</subfield>
    <subfield code="b">APEAM, A.C,</subfield>
    <subfield code="c">2014.</subfield>
  </datafield>
  <datafield tag="300" ind1=" " ind2=" ">
    <subfield code="a">92 p&#xE1;ginas:</subfield>
    <subfield code="b">Ilustraciones, cuadros, gr&#xE1;ficas</subfield>
  </datafield>
  <datafield tag="336" ind1=" " ind2=" ">
    <subfield code="2">rdacontent</subfield>
    <subfield code="a">texto</subfield>
    <subfield code="b">txt</subfield>
  </datafield>
  <datafield tag="337" ind1=" " ind2=" ">
    <subfield code="2">rdamedia</subfield>
    <subfield code="a">sin medio</subfield>
    <subfield code="b">n</subfield>
  </datafield>
  <datafield tag="338" ind1=" " ind2=" ">
    <subfield code="2">rdacarrier</subfield>
    <subfield code="a">volumen</subfield>
    <subfield code="b">nc</subfield>
  </datafield>
  <datafield tag="500" ind1=" " ind2=" ">
    <subfield code="a">Obra ilustrada</subfield>
  </datafield>
  <datafield tag="504" ind1=" " ind2=" ">
    <subfield code="a">Incluye &#xED;ndice y bibliograf&#xED;a</subfield>
  </datafield>
  <datafield tag="520" ind1=" " ind2=" ">
    <subfield code="a">Los des&#xF3;rdenes fisiol&#xF3;gicos y patol&#xF3;gicos m&#xE1;s comunes del fruto de aguacate hass en poscosecha son presentados en esta gu&#xED;a. Se describen e ilustran los s&#xED;ntomas y se asocian a sus causas para que puedan f&#xE1;cilmente ser identificados. La fisiolog&#xED;a poscosecha del fruto tambi&#xE9;n es abordada, con el pr&#xF3;posito de conocer los elementos fundamentales del proceso de maduraci&#xF3;n del fruto y el conjunto de condiciones ambientales y de manejo que deben ser observadas para asegurar el desarrollo de todos sus atributos de calidad. Se pretende demostrar que la calidad final del fruto de aguacate es un compromiso que involucra tanto a productores como a empacadores comercializadores, y que el establecimiento de un sistema eficaz de manejo poscosecha debe ser una estrategia de la industria aguacatera de M&#xE9;xico, para mantener el liderazgo mundial en la producci&#xF3;n y exportaci&#xF3;n de aguacate.</subfield>
  </datafield>
  <datafield tag="650" ind1=" " ind2="4">
    <subfield code="a">Aguacate</subfield>
    <subfield code="x">Fisiolog&#xED;a y morfolog&#xED;a</subfield>
    <subfield code="9">2516</subfield>
  </datafield>
  <datafield tag="650" ind1=" " ind2="4">
    <subfield code="a">Aguacate</subfield>
    <subfield code="x">Calidad</subfield>
    <subfield code="9">2495</subfield>
  </datafield>
  <datafield tag="650" ind1=" " ind2="4">
    <subfield code="a">Aguacate</subfield>
    <subfield code="x">Maduraci&#xF3;n</subfield>
    <subfield code="9">2531</subfield>
  </datafield>
  <datafield tag="650" ind1=" " ind2="4">
    <subfield code="a">Aguacate</subfield>
    <subfield code="x">Enfermedades</subfield>
    <subfield code="9">2510</subfield>
  </datafield>
  <datafield tag="942" ind1=" " ind2=" ">
    <subfield code="2">ddc</subfield>
    <subfield code="c">LIBRO</subfield>
  </datafield>
  <datafield tag="999" ind1=" " ind2=" ">
    <subfield code="c">220173</subfield>
    <subfield code="d">220173</subfield>
  </datafield>
  <datafield tag="952" ind1=" " ind2=" ">
    <subfield code="0">0</subfield>
    <subfield code="1">0</subfield>
    <subfield code="2">ddc</subfield>
    <subfield code="4">0</subfield>
    <subfield code="5">2</subfield>
    <subfield code="7">0</subfield>
    <subfield code="8">GRAL</subfield>
    <subfield code="a">BC</subfield>
    <subfield code="b">BC</subfield>
    <subfield code="c">PP_GRAL</subfield>
    <subfield code="d">2024-09-23</subfield>
    <subfield code="l">0</subfield>
    <subfield code="o">634.65393 O16</subfield>
    <subfield code="p">33724002590870</subfield>
    <subfield code="r">2024-09-23 12:15:38</subfield>
    <subfield code="w">2024-09-23</subfield>
    <subfield code="y">LIBRO</subfield>
  </datafield>
  <datafield tag="952" ind1=" " ind2=" ">
    <subfield code="0">0</subfield>
    <subfield code="1">0</subfield>
    <subfield code="2">ddc</subfield>
    <subfield code="4">0</subfield>
    <subfield code="5">2</subfield>
    <subfield code="7">0</subfield>
    <subfield code="8">GRAL</subfield>
    <subfield code="a">BC</subfield>
    <subfield code="b">BC</subfield>
    <subfield code="c">PP_GRAL</subfield>
    <subfield code="d">2024-09-23</subfield>
    <subfield code="l">0</subfield>
    <subfield code="o">634.65393 O16</subfield>
    <subfield code="p">33724002590908</subfield>
    <subfield code="r">2024-09-23 12:15:38</subfield>
    <subfield code="t">c.2</subfield>
    <subfield code="w">2024-09-23</subfield>
    <subfield code="y">LIBRO</subfield>
  </datafield>
  <datafield tag="952" ind1=" " ind2=" ">
    <subfield code="0">0</subfield>
    <subfield code="1">0</subfield>
    <subfield code="2">ddc</subfield>
    <subfield code="4">0</subfield>
    <subfield code="5">2</subfield>
    <subfield code="7">0</subfield>
    <subfield code="8">GRAL</subfield>
    <subfield code="a">BC</subfield>
    <subfield code="b">BC</subfield>
    <subfield code="c">PP_GRAL</subfield>
    <subfield code="d">2024-09-23</subfield>
    <subfield code="l">0</subfield>
    <subfield code="o">634.65393 O16</subfield>
    <subfield code="p">33724002590911</subfield>
    <subfield code="r">2024-09-23 12:15:38</subfield>
    <subfield code="t">c.3</subfield>
    <subfield code="w">2024-09-23</subfield>
    <subfield code="y">LIBRO</subfield>
  </datafield>
</record>
